Los Angeles Dodgers 2020 Roster - Statistics

General Stats
  • This quiz has been taken 8 times
  • The average score is 19 of 38
Answer Stats
Position Player % Correct
Pitcher Clayton Kershaw
100%
Utility Enrique Hernández
100%
Catcher Will Smith
100%
Catcher Austin Barnes
86%
Utility Chris Taylor
86%
Outfielder Cody Bellinger
86%
3rd Base Justin Turner
86%
Infielder Max Muncy
86%
Outfielder Mookie Betts
86%
Pitcher Blake Treinen
71%
Pitcher Brusdar Graterol
71%
Short Stop Corey Seager
71%
2nd Base Gavin Lux
71%
Pitcher Kenley Jansen
71%
Pitcher Tony Gonsolin
71%
Pitcher Walker Buehler
71%
Pitcher Dustin May
57%
Infielder Edwin Rios
57%
Outfielder Joc Pederson
57%
Pitcher Joe Kelly
57%
Pitcher Julio Urías
57%
Outfielder AJ Pollock
43%
Pitcher Victor González
43%
Pitcher Adam Kolarek
29%
Pitcher Alex Wood
29%
Pitcher Jake McGee
29%
Pitcher Pedro Báez
29%
Pitcher Ross Stripling
29%
Infielder Zach McKinstry
29%
Pitcher Caleb Ferguson
14%
Pitcher Dylan Floro
14%
Catcher Keibert Ruiz
14%
Infielder Matt Beaty
14%
Pitcher Scott Alexander
14%
Outfielder Terrance Gore
14%
Pitcher Dennis Santana
0%
Pitcher Josh Sborz
0%
Pitcher Mitch White
0%
No matching quizzes found
Score Distribution
Percent of People with Each Score
Percentile by Number Answered
Your Score History
You have not taken this quiz